00454 2200181 4500001002100000005001500021008004100036020001800077035001900095041000700114082001000121090001600131100002200147245002500169260003700194300002100231650002000252INLIS00000000002309220241224131425241224||||||||| | ||| |||| || |  a979-3084-88-x 0010-1224023092 aid0 a639.3 a639.3 SUP m0 aHambali Supriyadi00aPenyakit Pada LouHan aJakartabAgroMedia Pustakac2002 a54 hlm.; 23,5 cm 0aPenyakit LouHan